El Enigma del Santo Domingo / (Record no. 10706)

000 -CABECERA
fixed length control field 00681nam a22002177a 4500
003 - IDENTIFICADOR DEL NÚMERO DE CONTROL
control field AR-CdUCM
008 - DATOS DE LONGITUD FIJA--INFORMACIÓN GENERAL
fixed length control field 190401b ||||| |||| 00| 0 spa d
040 ## - FUENTE DE LA CATALOGACIÓN
Agencia/entidad que catalogó originalmente la obra MUNICIPALIDAD PROVINCIAL DEL CUSCO
Entidad que transcribió la catalogación BIBLIOTECA MUNICIPAL DEL CUSCO
082 ## - NÚMERO DE LA CLASIFICACIÓN DECIMAL DEWEY
No. de Clasificación ES / 800 /
Notacion interna M41
100 ## - ENTRADA PRINCIPAL--NOMBRE DE PERSONA
Nombre Personal Melville, Herman
245 ## - MENCIÓN DE TÍTULO
Título El Enigma del Santo Domingo /
260 ## - PUBLICACIÓN, DISTRIBUCIÓN, ETC.
Lugar de publicación, distribución, etc. Barcelona :
Nombre de la editorial, distribuidor, etc. Mateu.
300 ## - DESCRIPCIÓN FÍSICA
Nº de Páginas Extensión 253 páginas ;
Dimensiones 20cm
Otros detalles físicos Ilustraciones
440 ## - MENCIÓN DE SERIE/PUNTO DE ACCESO ADICIONAL--TÍTULO
Título Colección Juvenil Cadete
Número de la parte/sección de una obra 13
9 (RLIN) 27696
505 ## - NOTA DE CONTENIDO CON FORMATO
Nota de contenido formateada Contenido: Novela
650 ## - PUNTO DE ACCESO ADICIONAL DE MATERIA--TÉRMINO DE MATERIA
Descriptor Novela
9 (RLIN) 572
650 ## - PUNTO DE ACCESO ADICIONAL DE MATERIA--TÉRMINO DE MATERIA
Descriptor Literatura juvenil
9 (RLIN) 1580
700 ## - PUNTO DE ACCESO ADICIONAL--NOMBRE DE PERSONA
Nombre Personal Scholz, Víctor (traducción)
9 (RLIN) 14518
942 ## - ELEMENTOS DE PUNTO DE ACCESO ADICIONAL (KOHA)
Fuente de clasificación
Tipo de item Libros-BMC
945 ## - PROCESAMIENTO DE INFORMACIÓN LOCAL (OCLC)
Catalogador nom
Holdings
Estado de retiro (separado) Fuente de clasificación o esquema de estanterías Estado dañado Ubicación Sala donde se ubica Nombre de la colección Fecha de adquisición o compra Costo, precio normal en soles Signatura topográfica Código de Barras Última vez visto (Koha) Tipo de ítem (Koha)
No     Sala de Infantes Sala de Infantes Book Cart 2019-04-01 35.00 ES / 800 / M41 SI00000724 2019-04-01 Libros-BMC

Powered by Koha